Statistics for NBA Player by Nicknames

Click here to take the quiz!

General Stats

  • This quiz has been taken 157 times
  • The average score is 12 of 20

Answer Stats

SurnomBasketteur% Correct
The KingLeBron James
99%
His AirnessMichael Jordan
95%
The Greek FreakGiannis Antetokoúnmpo
94%
The JokerNikola Jokic
92%
The AnswerAllen Iverson
87%
The MailmanKarl Malone
86%
The KlawKawhi Leonard
86%
The Big OOscar Robertson
82%
The AdmiralDavid Robinson
77%
The GloveGary Payton
77%
The DreamHakeem Olajuwon
73%
The FlashDwayne Wade
68%
The ThruthPaul Pierce
67%
JesusRay Allen
45%
TPTony Parker
37%
GobzillaRudy Gobert
21%
WunderkidDirk Nowitzki
20%
Wonder boyLuka Dončić
19%
MozartDražen Petrović
9%
3DBoris Diaw
5%

Score Distribution

Percentile by Number Answered

Percent of People with Each Score

Your Score History

You have not taken this quiz